Catálogo - Centro de Recursos para el Aprendizaje y la Investigación
Volver al Sitio - CRAI Biblioteca| 000 -CABECERA | |
|---|---|
| campo de control de longitud fija | 01335nam a2200253 4500 |
| 001 - NÚMERO DE CONTROL | |
| campo de control | 108493 |
| 003 - IDENTIFICADOR DEL NÚMERO DE CONTROL | |
| campo de control | DR-UNIBE |
| 005 - FECHA Y HORA DE LA ÚLTIMA TRANSACCIÓN | |
| campo de control | 20250613144632.0 |
| 008 - DATOS DE LONGITUD FIJA--INFORMACIÓN GENERAL | |
| campo de control de longitud fija | 250613b2020 xxu||||| |||| 00| 0 eng d |
| 020 ## - NÚMERO INTERNACIONAL ESTÁNDAR DEL LIBRO | |
| Número Internacional Estándar del Libro | 9781735090146 |
| 040 ## - FUENTE DE LA CATALOGACIÓN | |
| Centro catalogador/agencia de origen | BIBLIOTECA UNIBE |
| Centro/agencia transcriptor | BIBLIOTECA UNIBE |
| Lengua de catalogación | spa |
| Normas de descripción | rda |
| 041 ## - CÓDIGO DE LENGUA | |
| Código de lengua del texto/banda sonora o título independiente | eng |
| 082 ## - NÚMERO DE LA CLASIFICACIÓN DECIMAL DEWEY | |
| Número de clasificación | 615 C129c |
| 100 ## - ENTRADA PRINCIPAL--NOMBRE DE PERSONA | |
| Nombre de persona | Cafer, Jason |
| Término indicativo de función/relación | autor |
| 9 (RLIN) | 196398 |
| 245 10 - MENCIÓN DE TÍTULO | |
| Título | Cafer's Psychopharmacology : |
| Resto del título | visualize to memorize : 270 medication mascots / |
| Mención de responsabilidad, etc. | Jason Cafer |
| 260 ## - PUBLICACIÓN, DISTRIBUCIÓN, ETC. | |
| Lugar de publicación, distribución, etc. | Missouri : |
| Nombre del editor, distribuidor, etc. | CaferMed, |
| Fecha de publicación, distribución, etc. | 2020 |
| 300 ## - DESCRIPCIÓN FÍSICA | |
| Extensión | 304 páginas : |
| Otras características físicas | ilustraciones |
| 490 ## - MENCIÓN DE SERIE | |
| Mención de serie | Cambridge medicine |
| 505 ## - NOTA DE CONTENIDO CON FORMATO | |
| Nota de contenido con formato | Interations | <br/>Stabilizers/Antiepileptics |<br/>Barbiturates |<br/>Benzodiazepines |<br/>Anxiolytics/Hypnotics |<br/>Intro to antidepressants |<br/>Tricyclics |<br/>Modern antidepressants |<br/>MAOIs |<br/>Others for depression |<br/>Intro to antipsychotics |<br/>1st gen antipsychotics |<br/>2nd gen antipsychotics |<br/>Anticholinergics |<br/>Cognitive enhancers |<br/>Sympatholytics |<br/>Muscle relaxants |<br/>DA depleting agents |<br/>Parkinson’s disease |<br/>Stimulants |<br/>Addiction medicine |<br/>Opioids |<br/>Sexual dysfunction |<br/>Antimicrobials |<br/>Hormones |<br/>Leftovers |<br/>Interaction Wrap-up |<br/> |
| 650 #7 - PUNTO DE ACCESO ADICIONAL DE MATERIA--TÉRMINO DE MATERIA | |
| Término de materia o nombre geográfico como elemento de entrada | Psicofarmacología |
| Fuente del encabezamiento o término | lemb |
| 650 #7 - PUNTO DE ACCESO ADICIONAL DE MATERIA--TÉRMINO DE MATERIA | |
| Término de materia o nombre geográfico como elemento de entrada | Medicamentos |
| Fuente del encabezamiento o término | lemb |
| 700 ## - PUNTO DE ACCESO ADICIONAL--NOMBRE DE PERSONA | |
| Nombre de persona | Link, Julianna |
| Término indicativo de función/relación | editor |
| 9 (RLIN) | 196399 |
| 942 ## - ELEMENTOS DE PUNTO DE ACCESO ADICIONAL (KOHA) | |
| Fuente del sistema de clasificación o colocación | Sistema de Clasificación Decimal Dewey |
| Tipo de ítem Koha | Libro (general) |
| Estado de retiro | Estado de pérdida | Fuente del sistema de clasificación o colocación | No para préstamo | Código de colección | Localización permanente | Ubicación en estantería | Fecha de adquisición | Total de préstamos | Signatura topográfica completa | Código de barras | Fecha visto por última vez | Número de copia | Precio válido a partir de | Tipo de ítem Koha |
|---|---|---|---|---|---|---|---|---|---|---|---|---|---|---|
| Disponible | Sistema de Clasificación Decimal Dewey | Reserva | Biblioteca Central UNIBE | Área de exhibición | 13/06/2025 | 615 C129c | 250709 | 13/06/2025 | Ej. 1 | 13/06/2025 | Libro (reserva) |